000 00454nam a2200145Ia 4500
008 231129s1996||||xx |||||||||||||| ||spa||
020 _a968-880-587-4 (obra
040 _bspa
082 _aR 629.254 W337m
100 _aWatson Ben
245 0 _aManual de encendido electrónico: instalación afinación de rendimiento modificación
260 _c1996
264 _aPrentice-Hall Hispanoamericana.
942 _2ddc
_cBKS
999 _c20354
_d20354